Die Assessorklausur im Strafprozess
| Authors: | ; |
|---|---|
| Format: | Print Book |
| Language: | German |
| Published: |
München
Beck
2005
|
| In: | Year: 2005 |
| Edition: | 8., überarb. und aktual. Aufl. |
| Online Access: |
Contents Table of Contents Table of Contents |
| Availability in Tübingen: | Present in Tübingen. IFK: F IV 373 |
| Check availability: | HBZ Gateway |
| Subito Delivery Service: | Order now. |
| Keywords: |
MARC
| LEADER | 00000cam a2200000 c 4500 | ||
|---|---|---|---|
| 001 | 470614986 | ||
| 003 | DE-627 | ||
| 005 | 20260206194109.0 | ||
| 007 | tu | ||
| 008 | 041103s2005 gw ||||| 00| ||ger c | ||
| 015 | |a 04,N47,0336 |2 dnb | ||
| 015 | |a 05,A17,0306 |2 dnb | ||
| 016 | 7 | |a 97253637X |2 DE-101 | |
| 020 | |a 3406526489 |c Kt. : ca. EUR 20.00, sfr 33.80 |9 3-406-52648-9 | ||
| 024 | 3 | |a 9783406526480 | |
| 035 | |a (DE-627)470614986 | ||
| 035 | |a (DE-603)126189617 | ||
| 035 | |a (DE-576)114596964 | ||
| 035 | |a (DE-599)DNB97253637X | ||
| 035 | |a (OCoLC)76537329 | ||
| 035 | |a (OCoLC)76537329 | ||
| 040 | |a DE-627 |b ger |c DE-627 |e rakwb | ||
| 041 | |a ger | ||
| 044 | |c XA-DE-BY | ||
| 082 | 0 | |a 340 |q BSZ | |
| 082 | 0 | 4 | |a 340 |
| 084 | |a PH 4710 |2 rvk |0 (DE-625)rvk/136144: | ||
| 084 | |a 86.36 |2 bkl | ||
| 090 | |a a | ||
| 100 | 1 | |8 1\p |a Schmehl, Martin |0 (DE-588)122456483 |0 (DE-627)081954883 |0 (DE-576)293279411 |4 aut | |
| 109 | |a Schmehl, Martin | ||
| 245 | 1 | 4 | |a Die Assessorklausur im Strafprozess |c von Martin Schmehl und Walter Vollmer |
| 250 | |a 8., überarb. und aktual. Aufl. | ||
| 263 | |a Kt. : ca. EUR 20.00, sfr 33.80 | ||
| 264 | 1 | |a München |b Beck |c 2005 | |
| 300 | |a XVI, 305 S |b graph. Darst |c 23 cm | ||
| 336 | |a Text |b txt |2 rdacontent | ||
| 337 | |a ohne Hilfsmittel zu benutzen |b n |2 rdamedia | ||
| 338 | |a Band |b nc |2 rdacarrier | ||
| 490 | 0 | |a Assessorklausuren |a Referendariat | |
| 583 | 1 | |a Archivierung prüfen |c 20240324 |f DE-4165 |z 3 |2 pdager | |
| 689 | 0 | 0 | |d g |0 (DE-588)4011882-4 |0 (DE-627)104704861 |0 (DE-576)208896155 |a Deutschland |2 gnd |
| 689 | 0 | 1 | |d s |0 (DE-588)4120536-4 |0 (DE-627)105775819 |0 (DE-576)20953592X |a Juristische Staatsprüfung 2 |2 gnd |
| 689 | 0 | 2 | |d s |0 (DE-588)4130588-7 |0 (DE-627)105701475 |0 (DE-576)209620242 |a Schriftliche Prüfung |2 gnd |
| 689 | 0 | 3 | |d s |0 (DE-588)4116635-8 |0 (DE-627)105805289 |0 (DE-576)209503211 |a Strafverfahrensrecht |2 gnd |
| 689 | 0 | |5 DE-101 | |
| 689 | 1 | 0 | |d g |0 (DE-588)4011882-4 |0 (DE-627)104704861 |0 (DE-576)208896155 |a Deutschland |2 gnd |
| 689 | 1 | 1 | |d s |0 (DE-588)4120536-4 |0 (DE-627)105775819 |0 (DE-576)20953592X |a Juristische Staatsprüfung 2 |2 gnd |
| 689 | 1 | 2 | |d s |0 (DE-588)4130588-7 |0 (DE-627)105701475 |0 (DE-576)209620242 |a Schriftliche Prüfung |2 gnd |
| 689 | 1 | 3 | |d s |0 (DE-588)4116635-8 |0 (DE-627)105805289 |0 (DE-576)209503211 |a Strafverfahrensrecht |2 gnd |
| 689 | 1 | |5 (DE-627) | |
| 700 | 1 | |a Vollmer, Walter |d 1950- |0 (DE-588)122456513 |0 (DE-627)081954905 |0 (DE-576)29327942X |4 aut | |
| 856 | 4 | 2 | |u https://swbplus.bsz-bw.de/bsz114596964inh.htm |m V:DE-576 |v 2005-04-04 |3 Inhaltsverzeichnis |7 1 |
| 856 | 4 | 2 | |u https://swbplus.bsz-bw.de/bsz114596964vlg.htm |m V:DE-576 |v 2005-04-04 |3 Inhaltstext |7 1 |
| 856 | 4 | 2 | |u http://scans.hebis.de/HEBCGI/show.pl?12618961_toc.pdf |m V:DE-603;B:DE-77 |q application/pdf |3 Inhaltsverzeichnis |7 1 |
| 883 | |8 1\p |a cgwrk |d 20241001 |q DE-101 |u https://d-nb.info/provenance/plan#cgwrk | ||
| 935 | |i sf | ||
| 935 | |i Blocktest | ||
| 935 | |h HEB |i 0501 | ||
| 935 | |h HEB |i 0503 | ||
| 936 | r | v | |a PH 4710 |b Fall- und Klausurensammlungen |k Rechtswissenschaft |k Strafrecht, Strafverfahrensrecht, Kriminologie |k Strafverfahrensrecht |k Allgemeines |k Fall- und Klausurensammlungen |0 (DE-627)1272237192 |0 (DE-625)rvk/136144: |0 (DE-576)202237192 |
| 936 | b | k | |a 86.36 |j Strafprozessrecht |0 (DE-627)106413570 |
| 936 | s | n | |a p100 |2 mzub |
| 951 | |a BO | ||
| ELC | |b 1 | ||
| LOK | |0 000 xxxxxcx a22 zn 4500 | ||
| LOK | |0 001 3186342740 | ||
| LOK | |0 003 DE-627 | ||
| LOK | |0 004 470614986 | ||
| LOK | |0 005 20080416164238 | ||
| LOK | |0 008 080416||||||||||||||||ger||||||| | ||
| LOK | |0 040 |a DE-21-110 |c DE-627 |d DE-21-110 | ||
| LOK | |0 541 |e 05/143 | ||
| LOK | |0 689 |a s |a Strafprozessrecht | ||
| LOK | |0 689 |a s |a Assessorklausur | ||
| LOK | |0 689 |a s |a Strafverfahrensrecht | ||
| LOK | |0 852 |a DE-21-110 | ||
| LOK | |0 852 1 |c F IV 373 |m p |9 00 | ||
| LOK | |0 936ln |a 4.6.5 | ||
| LOK | |0 938 |k p | ||
| LOK | |0 939 |a 16-04-08 |b l01 | ||
| ORI | |a SA-MARC-krimdoka001.raw | ||
| SIG | |a IFK: F IV 373 | ||
| TIM | |a 100019901003_100020261231 |b 1990-10-03 - 2026 | ||
